00325nam a22001337a 4500003000400000008004100004020001800045082001600063100001600079245002500095250000900120260005400129300000800183OSt220613b ||||| |||| 00| 0 eng d a9780070482937 a629.892 MIR aMITTAL, R K aRobotics and Control a32nd aNew Delhib Tata Mc Graw Hill Pub. co. Ltd c2020 a487